Statistiques concernant Fleuves frontaliers - 2

Cliquez ici pour prendre le quiz!

Statistiques générales

  • Ce quiz a été pris 33 fois
  • Le résultat moyen est 9 sur 18

Statistiques - réponses

Rivières Pays % Correct
ColoradoMexique
96%
États-Unis
96%
Rio JaguarãoBrésil
92%
TigreIrak
85%
Turquie
77%
Uruguay
73%
Maroc
69%
Oued KissAlgérie
69%
LauterAllemagne
42%
France
35%
Lettonie
31%
DaugavaBiélorussie
27%
Río San JuanCosta Rica
23%
Nicaragua
23%
Suède
15%
TorneFinlande
15%
KupaCroatie
15%
Slovenie
12%

Distribution des résultats

Percentile par nombre de réponses

% des personnes avec chaque résultat

Votre développement - résultats

Vous n’avez pas pris ce quiz